Departments of the Batavian Republic in 1798 on a Map - Statistics

General Stats
  • This quiz has been taken 20 times
  • The average score is 5 of 8
Answers on the Map
Answers color-coded by a green-red scale on the quiz's map according to % correct below.
 
Answer Stats
Answer % Correct
Rhine
86%
Scheldt and Meuse
79%
IJssel
64%
Amstel
57%
Delf
43%
Ems
43%
Tessel
43%
Dommel
36%
No matching quizzes found
Score Distribution
Percent of People with Each Score
Percentile by Number Answered
Your Score History
You have not taken this quiz